Normal view
MARC view
- Lagrange, J. P.
Entry Personal Name
001 - CONTROL NUMBER
- control field: 6621
003 - CONTROL NUMBER IDENTIFIER
- control field: NUST
005 - DATE AND TIME OF LATEST TRANSACTION
- control field: 20171122095657.0
008 - FIXED-LENGTH DATA ELEMENTS
- fixed length control field: 171122|| aca||aabn | a|a d
040 ## - CATALOGING SOURCE
- Original cataloging agency: NUST
- Transcribing agency: NUST
100 ## - HEADING--PERSONAL NAME
- Personal name: Lagrange, J. P.
- Fuller form of name: (Jean-Philippe)
670 ## - SOURCE DATA FOUND
- Source citation: Work cat.: (NUST)0: GIS and generalization :, c1995.
